Espacio educativo: un espacio para la exploración. Módulo de autocapacitación para las comunidades de aprendizaje. Contenidos y orientaciones metodológicas
I tiakina i:
| Ngā kaituhi rangatōpū: | , |
|---|---|
| Hōputu: | Pukapuka |
| Reo: | Pāniora |
| I whakaputaina: |
Santiago
JUNJI
2009
|
| Putanga: | 2a. ed |
| Rangatū: | Módulo 2
|
| Ngā marau: | |
| Ngā Tūtohu: |
Tāpirihia he Tūtohu
Kāore He Tūtohu, Me noho koe te mea tuatahi ki te tūtohu i tēnei pūkete!
|
MARC
| LEADER | 00000cam a2200000 a 4500 | ||
|---|---|---|---|
| 001 | UCF2937 | ||
| 003 | CL-VaPUC | ||
| 008 | 120914e20090000CL |||||||||||||||||spa|d | ||
| 082 | 0 | 4 | |a 372.21 |b JUN |2 21 |
| 110 | 2 | |a Junta Nacional de Jardines Infantiles |e author |9 564795 | |
| 710 | 2 | |a JUNJI |e author |9 564796 | |
| 245 | 1 | 0 | |a Espacio educativo: un espacio para la exploración. Módulo de autocapacitación para las comunidades de aprendizaje. Contenidos y orientaciones metodológicas |
| 250 | |a 2a. ed | ||
| 300 | |a 16 p | ||
| 942 | |c BK | ||
| 945 | |d 20120914 00:00:00 |a cmena | ||
| 260 | |a Santiago |b JUNJI |c 2009 | ||
| 650 | 0 | |a Educación preescolar |9 260381 | |
| 650 | 0 | |a Métodos de enseñanza |9 270413 | |
| 583 | |a last modification |c 20120914 00:13:00 |k Rodrigo Vera | ||
| 490 | 0 | |a Módulo 2 | |
| 999 | |c 349475 |d 349473 | ||
| 952 | |0 0 |1 0 |4 0 |6 372_210000000000000_JUN_2009 |7 0 |8 A |9 452099 |a BIBEDU |b BIBEDU |c ES_NOD |d 2019-11-22 |i 490382K |o 372.21 JUN 2009 |p 490382K |r 2023-08-09 |w 2019-11-22 |y BK |k PAR | ||